000 00937nam a2200301 i 4500
003 EG-GICUC
005 20260428112934.0
008 260428s1910 fr fr|||| 00| 0 fre d
040 _aEG-GiCUC
_bfre
_cEG-GiCUC
_dEG-GiCUC
_eRda
041 _afre
082 0 4 _221
_a343.83
_bWA . C
092 0 4 _221
099 _aLaw1 10 343.83 WA . C 1910
100 1 _aWahl, Docteu
_eAuteur
245 1 3 _a Le Crime Devant La Science /
_c Par Le Docteur Wahl
264 1 _aParis :
_b V. Giard & E. Brière,
_c1910.
300 _a316 page;
_c 24 cm.
336 _2rda contenu
_a texte
337 _2rda medias
_aOrdinateur
338 _2 transporteur rda
_a Ressource en ligne
504 _aComprend des références bibliographiques.
546 _aTexte en français
650 1 _aDroit pénal
_2qrmak
651 1 _2qrmak
856 4 0 _uhttps://fll.law.cu.edu.eg/fulltext/bks/B10-11161.pdf
905 _a167
942 _2ddc
_cBK
_e21
_n0
999 _c73841
_d73841